00237nam a2200085Ia 450000100070000000500170000700800410002424500600006526000260012570956920250826162549.0250824s9999 xx 000 0 und d 0aPAMUK BÜYÜKANNEMİN DOĞUM GÜNÜcAYTÜL AKAL bUÇANBALIK YAYINLARI